Reading and Reflecting on texts/ (Record no. 172784)

MARC details
000 -LEADER
fixed length control field 00581nam a22001937a 4500
005 - DATE AND TIME OF LATEST TRANSACTION
control field 20200213111637.0
010 ## - LCCN (DPL NO)
LC control number ENG-127719
020 ## - INTERNATIONAL STANDARD BOOK NUMBER
Terms of availability 250.00
International Standard Book Number 9789386725561
035 ## - SYSTEM CONTROL NUMBER
System control number EN-111251
037 ## - SOURCE OF ACQUISITION
Source of stock number/acquisition DBAD/PUB
082 ## - DEWEY DECIMAL CLASSIFICATION NUMBER
Classification number 372.41
100 ## - MAIN ENTRY--PERSONAL NAME
Personal name Dinakar,P
245 ## - TITLE STATEMENT
Title Reading and Reflecting on texts/
Statement of responsibility, etc by P.Dinakar
260 ## - PUBLICATION, DISTRIBUTION, ETC. (IMPRINT)
Place of publication, distribution, etc New Delhi
Date of publication, distribution, etc 2018
Name of publisher, distributor, etc Neelkamal
270 ## - ADDRESS
Address 4764/1,23, Ansari Road,Daryaganj
Postal code 110002
City New Delhi
300 ## - PHYSICAL DESCRIPTION
Extent 200p.
Other physical details 24cm(pbk)
500 ## - GENERAL NOTE
General note includes bibliographical references and index<br/>
942 ## - ADDED ENTRY ELEMENTS (KOHA)
Source of classification or shelving scheme Dewey Decimal Classification
Item type English Books
Classification part 372.41
Call number suffix DIN
Holdings
Withdrawn status Lost status Not for loan Collection code Home library Current library Date acquired Source of acquisition Cost, normal purchase price Full call number Barcode Copy number Cost, replacement price Koha item type
      Fiction Central Library Central Library 13/02/2020 DBAD/PUB 250.00 372.41 DIN EN-111251 1 250.00 English Books

© Delhi Public Library
Hit Counter
free hit counter